000 00361nam a22001457a 4500
003 macl
005 20190814125047.0
008 190814b xxu||||| |||| 00| 0 eng d
040 _cmacl
100 _aSingh, Sheelwant
_976256
245 _a Science and Technology NCERT
260 _aChennai
_bMcGrawHill
_c2018
650 _a: science
_976257
942 _2ddc
_cBK
999 _c60749
_d60749